Step forward the hero : (Record no. 116173)

MARC details
000 -LEADER
campo de control de longitud fija 01929 a2200289 4500
003 - IDENTIFICADOR DE NÚMERO DE CONTROL
campo de control BJBSDDR
005 - FECHA Y HORA DE LA ÚLTIMA TRANSACCIÓN
campo de control 20230411090753.0
007 - CAMPO FIJO DE DESCRIPCIÓN FÍSICA--INFORMACIÓN GENERAL
campo de control de longitud fija ta
008 - DATOS DE LONGITUD FIJA--INFORMACIÓN GENERAL
campo de control de longitud fija 220413s2014 flu||||| |||| 00| 0 eng d
020 ## - NÚMERO INTERNACIONAL ESTÁNDAR DEL LIBRO
Número Internacional Estándar del Libro 9780692230329
020 ## - NÚMERO INTERNACIONAL ESTÁNDAR DEL LIBRO
Número Internacional Estándar del Libro 0692230327
040 ## - FUENTE DE CATALOGACIÓN
Lengua de catalogación spa
Centro/agencia transcriptor BJBSDDR
041 ## - CÓDIGO DE IDIOMA
Código de lengua del texto/banda sonora o título independiente eng
050 14 - SIGNATURA TOPOGRÁFICA DE LA BIBLIOTECA DEL CONGRESO
Número de clasificación UB 433
Número de ítem S761s 2014
100 1# - ENTRADA PRINCIPAL--NOMBRE DE PERSONA
Nombre de persona Spivey, Donald,
Fechas asociadas al nombre 1948-
245 10 - MENCIÓN DEL TÍTULO
Título Step forward the hero :
Resto del título the story of Milton L. Olive, III, first African-American awarded the medal of honor in the Vietnam War/
Mención de responsabilidad, etc. Donald Spivey
260 ## - PUBLICACIÓN, DISTRIBUCIÓN, ETC.
Lugar de publicación, distribución, etc. Miami, Florida :
Nombre del editor, distribuidor, etc. Freedom Words International Publishers,
Fecha de publicación, distribución, etc. 2014
300 ## - DESCRIPCIÓN FÍSICA
Extensión ii, 274 pages :
Otras características físicas illustrations ;
Dimensiones 21 cm
520 ## - RESUMEN, ETC.
Sumario, etc. The biography of Milton L. Olive, III, the first African American awarded the Medal of Honor in the Vietnam War. We learn not just about Milton Olive the individual, but about the special challenges of an African American coming of age in the 1960s, the issue of career choices and the necessity of staying in school and getting an education, about Milton's hometowns of Chicago, Illinois, and Lexington, Mississippi, about military life and training, about Vietnam and the war itself, and concerns about morality, violence, the obligations and responsibilities of citizenship, and about compassion and bravery. It is all here in the Milton Olive story. The book is written to read like an historical novel. However, the information presented about Milton L. Olive, III, and his experiences in and outside of the military and the specifics occurring around him, are all researched and historically grounded.
600 14 - PUNTO DE ACCESO ADICIONAL DE MATERIA--NOMBRE DE PERSONA
Nombre de persona Olive, Milton L.
Forma completa/desarrollada del nombre (Milton Lee),
Fechas asociadas al nombre 1946-1965.
610 24 - PUNTO DE ACCESO ADICIONAL DE MATERIA--NOMBRE DE ENTIDAD CORPORATIVA
Nombre de entidad corporativa o nombre de jurisdicción como elemento de entrada Estados Unidos.
Unidad subordinada Ejercito
Subdivisión de forma Biografías
650 #4 - PUNTO DE ACCESO ADICIONAL DE MATERIA--TÉRMINO DE MATERIA
9 (RLIN) 6184
Término de materia o nombre geográfico como elemento de entrada Guerra de Vietnam, 1961-1975
650 #4 - PUNTO DE ACCESO ADICIONAL DE MATERIA--TÉRMINO DE MATERIA
9 (RLIN) 22252
Término de materia o nombre geográfico como elemento de entrada Soldados afroamericanos
Subdivisión de forma Biografías
650 #4 - PUNTO DE ACCESO ADICIONAL DE MATERIA--TÉRMINO DE MATERIA
9 (RLIN) 706
Término de materia o nombre geográfico como elemento de entrada Afroamericanos
Subdivisión de forma Biografías
Subdivisión geográfica Chicago (Estados Unidos)
942 ## - ELEMENTOS DE ENTRADA SECUNDARIOS (KOHA)
Fuente del sistema de clasificación o colocación Clasificación de Library of Congress
Tipo de ítem Koha Libro
946 ## - PROCESAMIENTO DE INFORMACIÓN LOCAL (OCLC)
Iniciales del agente catalogador rmza
Holdings
Estatus retirado Estado de pérdida Estado de daño No para préstamo Colección Biblioteca de origen Biblioteca actual Ubicación en estantería Fecha de adquisición Signatura topográfica completa Código de barras Visto por última vez Copia número Tipo de ítem Koha
        Recursos Regionales Biblioteca Juan Bosch Biblioteca Juan Bosch Recursos Regionales (2do. Piso) 13/04/2022 UB 433 S761s 2014 00000164823 13/04/2022 1 Libro